LIBRARY & INFORMATION CENTRE, KCAET, TAVANUR

ONLINE PUBLIC ACCESS CATALOGUE (OPAC)

dBase lll PlusTM Programmers Referance Guide / (Record no. 8665)

MARC details
000 -LEADER
fixed length control field 00347cam a2200133ua 4500
020 ## - INTERNATIONAL STANDARD BOOK NUMBER
ISBN 81 7029 031 7
082 ## - DEWEY DECIMAL CLASSIFICATION NUMBER
Classification number 005.7565
Item number SIM/DB
100 ## - MAIN ENTRY--AUTHOR NAME
Personal name Simpson, Alan .
245 ## - TITLE STATEMENT
Title dBase lll PlusTM Programmers Referance Guide /
250 ## - EDITION STATEMENT
Edition statement 1 /
260 ## - PUBLICATION, DISTRIBUTION, ETC. (IMPRINT)
Place of publication New Delhi :
Name of publisher BPB Publications ,
Year of publication 1990.
300 ## - PHYSICAL DESCRIPTION
Number of Pages 1029 ; .
942 ## - ADDED ENTRY ELEMENTS (KOHA)
Koha item type Reference
Holdings
Withdrawn status Lost status Damaged status Collection code Home library Current library Shelving location Date acquired Full call number Accession Number Koha item type
      Reference KAUAET KAUAET Reference 07/04/2012 005.7565.SIM/DB 17823 Books
free website counter